A31_人口に占める男性の割合TOP100の市区町村 - Statistics

General Stats
  • This quiz has been taken 5 times
  • The average score is 53 of 100
Answer Stats
順位 都道府
県名
種類 男性の
割合(%)
市町村名 % Correct
1 沖縄県 60.6618 北大東村
100%
3 沖縄県 58.7612 南大東村
100%
4 東京都 58.1250 青ヶ島村
100%
6 東京都 56.5705 小笠原村
100%
14 沖縄県 54.9089 東村
100%
5 沖縄県 57.6673 与那国町
80%
8 沖縄県 55.5556 座間味村
80%
9 東京都 55.5405 三宅村
80%
12 青森県 55.1932 六ヶ所村
80%
16 鹿児島県 54.5319 十島村
80%
19 東京都 53.9735 御蔵島村
80%
21 東京都 53.6667 利島村
80%
22 沖縄県 53.5014 久米島町
80%
39 群馬県 52.3180 大泉町
80%
43 三重県 52.2043 木曽岬町
80%
45 東京都 52.1943 大島町
80%
46 青森県 52.1520 東通村
80%
51 愛知県 52.0663 豊田市
80%
56 愛知県 51.9232 東海市
80%
57 沖縄県 51.9175 国頭村
80%
65 東京都 51.6983 神津島村
80%
77 三重県 51.5656 川越町
80%
2 沖縄県 60.4811 渡名喜村
60%
7 沖縄県 55.9418 伊是名村
60%
15 沖縄県 54.8872 渡嘉敷村
60%
17 山梨県 54.4110 忍野村
60%
23 沖縄県 53.2990 大宜味村
60%
24 沖縄県 53.2082 竹富町
60%
29 山梨県 52.6946 丹波山村
60%
31 北海道 52.5790 音威子府村
60%
32 秋田県 52.5707 東成瀬村
60%
33 長野県 52.5697 南牧村
60%
38 神奈川県 52.3758 愛川町
60%
41 愛知県 52.2669 刈谷市
60%
42 愛知県 52.2114 高浜市
60%
54 滋賀県 51.9708 湖南市
60%
62 沖縄県 51.8276 伊江村
60%
67 宮城県 51.6564 大和町
60%
68 福島県 51.6529 檜枝岐村
60%
69 三重県 51.6391 いなべ市
60%
70 神奈川県 51.6346 厚木市
60%
71 愛知県 51.6232 飛島村
60%
72 神奈川県 51.6200 清川村
60%
73 茨城県 51.6198 五霞町
60%
74 茨城県 51.6106 美浦村
60%
75 茨城県 51.5749 神栖市
60%
76 滋賀県 51.5704 竜王町
60%
79 栃木県 51.5383 上三川町
60%
83 山梨県 51.4610 小菅村
60%
84 千葉県 51.4595 八街市
60%
86 鹿児島県 51.4451 大和村
60%
87 新潟県 51.4448 刈羽村
60%
88 群馬県 51.4163 嬬恋村
60%
89 宮崎県 51.4131 椎葉村
60%
91 北海道 51.3972 礼文町
60%
10 沖縄県 55.4808 多良間村
40%
11 沖縄県 55.3254 粟国村
40%
13 沖縄県 55.0798 伊平屋村
40%
18 長野県 53.9796 川上村
40%
25 茨城県 52.8650 八千代町
40%
26 福島県 52.8360 広野町
40%
30 栃木県 52.6173 高根沢町
40%
35 奈良県 52.4941 上北山村
40%
36 北海道 52.3854 奥尻町
40%
37 北海道 52.3773 倶知安町
40%
40 福島県 52.2711 富岡町
40%
47 北海道 52.1384 占冠村
40%
48 茨城県 52.1005 鉾田市
40%
49 茨城県 52.0894 坂東市
40%
52 長野県 52.0100 小谷村
40%
58 福島県 51.9114 楢葉町
40%
60 埼玉県 51.8659 八潮市
40%
64 香川県 51.7265 直島町
40%
66 静岡県 51.6656 湖西市
40%
78 千葉県 51.5426 市原市
40%
82 宮崎県 51.4632 西米良村
40%
85 茨城県 51.4554 境町
40%
92 北海道 51.3932 真狩村
40%
93 愛知県 51.3829 碧南市
40%
96 群馬県 51.3383 太田市
40%
98 沖縄県 51.3122 今帰仁村
40%
20 北海道 53.8874 赤井川村
20%
27 熊本県 52.7553 産山村
20%
28 愛知県 52.7132 知立市
20%
34 愛媛県 52.5390 上島町
20%
44 北海道 52.2037 幌延町
20%
50 北海道 52.0883 中川町
20%
53 岐阜県 51.9724 坂祝町
20%
55 北海道 51.9400 月形町
20%
59 福岡県 51.9080 苅田町
20%
61 北海道 51.8335 留寿都村
20%
63 北海道 51.7333 日高町
20%
80 北海道 51.5140 天塩町
20%
81 福島県 51.5109 鮫川村
20%
90 北海道 51.4083 豊富町
20%
94 群馬県 51.3667 榛東村
20%
95 岩手県 51.3394 金ケ崎町
20%
97 埼玉県 51.3149 川島町
20%
99 埼玉県 51.2793 和光市
20%
100 新潟県 51.2458 湯沢町
20%
No matching quizzes found
Score Distribution
Percent of People with Each Score
Percentile by Number Answered
Your Score History
You have not taken this quiz